Léon Spilliaert : onbekende werken = œuvres inédites = unbekannte Werke = unseen works /
Saved in:
| Main Author: | |
|---|---|
| Corporate Authors: | , |
| Other Authors: | |
| Format: | Book |
| Language: | Dutch |
| Published: |
Knokke-Heist :
Imelda Art Gallery,
c2000.
|
| Subjects: | |
| Tags: |
Add Tag
No Tags, Be the first to tag this record!
|
| LEADER | 01190nam a2200313 a 4500 | ||
|---|---|---|---|
| 001 | 008564893-0 | ||
| 005 | 20030131151644.0 | ||
| 008 | 030115s2000 be ac bc 000 0ddut d | ||
| 020 | |a 9053251782 | ||
| 035 | 0 | |a ocm45615048 | |
| 040 | |d CStRLIN |d CMalG |d MH-FA | ||
| 041 | 0 | |a dutfregereng | |
| 100 | 1 | |a Spilliaert, Léon, |d 1881-1946. | |
| 245 | 1 | 0 | |a Léon Spilliaert : |b onbekende werken = œuvres inédites = unbekannte Werke = unseen works / |c [concept & coördinatie, Imelda Delvaux]. |
| 246 | 3 | 0 | |a Onbekende werken |
| 246 | 3 | 1 | |a Œuvres inédites |
| 246 | 3 | 1 | |a Unbekannte Werke |
| 246 | 3 | 1 | |a Unseen works |
| 260 | |a Knokke-Heist : |b Imelda Art Gallery, |c c2000. | ||
| 300 | |a 271 p. : |b ill. (some col.), ports. ; |c 31 cm. | ||
| 500 | |a "Published on the occasion of the Léon Spilliaert exhibition at the Casino of Knokke, by Imelda Art Gallery ... 7 May-18 June 2000"--p. [10]. | ||
| 546 | |a Dutch, French, German, and English. | ||
| 504 | |a Includes bibliographical references (p. 268-271). | ||
| 600 | 1 | 0 | |a Spilliaert, Léon, |d 1881-1946 |v Exhibitions. |
| 700 | 1 | |a Delvaux, Imelda. | |
| 710 | 2 | |a Casino Knokke-Heist. | |
| 710 | 2 | |a Imelda Art Gallery. | |
| 988 | |a 20030115 | ||
| 906 | |0 MH | ||


